000 00228nam a2200097Ia 4500
008 240331s9999 xx 000 0 und d
082 _bSTU
100 _aSturman, M
245 2 _aA doll's house and Hedda Gabler :
_bnotes
942 _cL
999 _c3181
_d3181